Central Library OPAC University of Rajshahi

Grain protectants / (Record no. 37551)

MARC details
000 -LEADER
fixed length control field 01151nam a2200313 a 4500
001 - CONTROL NUMBER
control field 37551
003 - CONTROL NUMBER IDENTIFIER
rucl marc code BD-RjUL
005 - DATE AND TIME OF LATEST TRANSACTION
control field 20211209052624.0
008 - FIXED-LENGTH DATA ELEMENTS--GENERAL INFORMATION
fixed length control field 150125s1987 acaa b f000 0 eng d
020 ## - INTERNATIONAL STANDARD BOOK NUMBER
International Standard Book Number 094951134X
035 ## - SYSTEM CONTROL NUMBER
System control number (BD-RjUL)37655
System control number 197099
040 ## - CATALOGING SOURCE
Original cataloging agency ANB
Language of cataloging eng
Transcribing agency ANB
Modifying agency NSL:R
041 ## - LANGUAGE CODE
Language code of text/sound track or separate title eng
082 04 - DEWEY DECIMAL CLASSIFICATION NUMBER
Classification number 633.1049951
Edition number 19
Author mark and year SNG 1987
100 1# - MAIN ENTRY--PERSONAL NAME
Personal name Snelson, J. T.
Fuller form of name (Jack Thurston)
9 (RLIN) 115332
245 10 - TITLE STATEMENT
Title Grain protectants /
Statement of responsibility, etc. J.T. Snelson.
260 ## - PUBLICATION, DISTRIBUTION, ETC. (IMPRINT)
Place of publication, distribution, etc. Canberra :
Name of publisher, distributor, etc. Published in collaboration with the Dept. of Primary Industry by the Australian Centre for International Agricultural Research,
Date of publication, distribution, etc. 1987.
300 ## - PHYSICAL DESCRIPTION
Pagination ix, 448 p. :
Illustrations ill. ;
Size 25 cm.
504 ## - BIBLIOGRAPHY, ETC. NOTE
Bibliography, etc Bibliography: p. 381-448.
650 #0 - SUBJECT ADDED ENTRY--TOPICAL TERM
Topical term or geographic name as entry element Grain
General subdivision Diseases and pests
-- Control.
9 (RLIN) 115334
Topical term or geographic name as entry element Grain
General subdivision Storage
-- Diseases and injuries.
9 (RLIN) 115335
Topical term or geographic name as entry element Insect pests
General subdivision Control.
9 (RLIN) 115023
Topical term or geographic name as entry element Insecticides.
9 (RLIN) 115291
710 1# - ADDED ENTRY--CORPORATE NAME
Corporate name or jurisdiction name as entry element Australia.
Subordinate unit Department of Primary Industry.
9 (RLIN) 115336
Corporate name or jurisdiction name as entry element Australian Centre for International Agricultural Research.
9 (RLIN) 114930
942 ## - ADDED ENTRY ELEMENTS (KOHA)
Source of classification or shelving scheme Dewey Decimal Classification
Koha item type Books
Holdings
Lost status Source of classification or shelving scheme Damaged status Not for loan Permanent Location Current Location Shelving location Date acquired Total Checkouts Full call number Date last seen Copy number Koha item type
  Dewey Decimal Classification     Institute of Biological Sciences (IBSc) Library Institute of Biological Sciences (IBSc) Library   25/01/2015   633.1049951 SNG 1987 25/01/2015 C-1 Books